• 首页
  • 本馆介绍
  • 公告通知
  • 最新文献
  • 馆藏检索
  • 电子资源
  • 读者导购
  • 参考咨询
  • 我的图书馆
  • 登录
  • 详细信息显示
  • 放入我的书架
  • 预约/预借图书
  • 作者相关作品
  • 分类相关作品
  • 丛书相关作品
  • 出版社相关作品

书目信息

  • 表格格式
  • 工作单格式
  • 卡片格式
题名:
购买放心的产品房 上
    
 
作者: 李向民 主编
分册:  
出版信息: 北京   地震出版社  2002.04
页数: 296页
开本: 20cm
丛书名:
单 册:
中图分类: F299.271
科图分类:
主题词: 城市经济 , 市政经济
电子资源:
ISBN: 7-5028-2040-X
000 00645nam0 2200217 450
001 0777338131
005 20071213212947.23
010    @a7-5028-2040-X@dCNY19.00
100    @a20071213d2002 km y0chiy0120 ea
101 0  @achi
102    @aCN@b110000
200 1  @a购买放心的产品房 上@Agou mai fang xin de chan pin fang shang@f李向民主编@Fli xiang min zhu bian
210    @a北京@c地震出版社@d2002.04
215    @a296页@d20cm
606 0  @a城市经济
606 0  @a市政经济
690    @aF299.271@v4
701  0 @a李向民@Ali xiang min@4主编
801  0 @aCN@b大连网信软件有限公司图书馆@c20071213
905    @aBZT@dF299.271@e1-1
906    @dCNY19.00@n0@r1
    
    购买放心的产品房 上/李向民主编.-北京:地震出版社,2002.04
    296页;20cm
    
    
    ISBN 7-5028-2040-X:CNY19.00
    
●
相关链接 在五车中查询图书 在当当中查询图书 在豆瓣中查询图书


正题名:购买放心的产品房 上     索取号:F299.271/1-1         预约/预借

序号 登录号 条形码 馆藏地/架位号 状态 备注
1 632410   2000632410   中心书库北库/ 北库016架B面2列4层14/ [索取号:F299.271/1-1] 在馆    
2 632411   2000632411   中心书库北库/ 北库016架B面2列4层13/ [索取号:F299.271/1-1] 在馆    
3 632412   2000632412   中心书库北库/ 北库016架B面2列4层15/ [索取号:F299.271/1-1] 在馆    
4 632413   2000632413   中心书库北库/ 北库016架B面2列4层22/ [索取号:F299.271/1-1] 在馆    
5 632414   2000632414   中心书库北库/ 北库016架B面2列4层21/ [索取号:F299.271/1-1] 在馆    
山东省滨州职业学院图书馆 欢迎您!
大连网信软件有限公司© 版权所有